| 000 | 00641nam a22002417a 4500 | ||
|---|---|---|---|
| 003 | UA-OsUOA | ||
| 001 | 129635 | ||
| 007 | ta | ||
| 008 | 20180314b un ||||| |||| 00| 0 ukr d | ||
| 100 | _aУайт Е. | ||
| 090 |
_a282 _bУ13 |
||
| 942 | _cBK | ||
| 040 |
_aUA-OsUOA _brus _cUA-OsUOA _dUA-OsUOA |
||
| 245 | _aВеликая борьба | ||
| 300 | _a688 с. | ||
| 955 | _a3 | ||
| 041 | _arus | ||
| 080 | _a282 | ||
| 020 | _a5-86847-581-Х | ||
| 260 |
_aЗаокский _bИсточник жизни _c2010 |
||
| 650 | 7 |
_a282 Римсько-католицька церква (Західна церква) _2UDC |
|
| 999 |
_c417463 _d417463 |
||